Současný inovativní marketing

Špecifikácia pojmu inovatívny marketing. Definícia jeho jednotlivých fáz. Chyby a omyly v inovačnej stratégii. Prípadová štúdia Cordis Corporation.

Enregistré dans:
Détails bibliographiques
Auteur principal: Hrazdilová Bočková, Kateřina
Format: Chapitre de livre
Langue:tchèque
Sujets:
Tags: Ajouter un tag
Pas de tags, Soyez le premier à ajouter un tag!

MARC

LEADER 00000naa a2200000 4500
001 0125092
005 20230918093201.9
041 0 |a cze 
044 |a SK 
245 1 0 |a Současný inovativní marketing  |c Kateřina Hrazdilová-Bočková 
520 |a Špecifikácia pojmu inovatívny marketing. Definícia jeho jednotlivých fáz. Chyby a omyly v inovačnej stratégii. Prípadová štúdia Cordis Corporation. 
610 2 0 |a marketing 
610 2 0 |a stratégia inovačná 
610 2 0 |a riadenie podnikové 
610 2 0 |a znižovanie nákladov 
100 1 |a Hrazdilová Bočková, Kateřina